000 00863cam a22002897a 4500
003 CHAP
005 20220329134816.0
008 971013s1981 r 00010 d
010 _a26305
011 _a27277
035 _a31378
040 _cCHAP
082 _a060.58
_bB8 1981
100 0 0 _aButtress, F. A.
_916468
245 0 _aWorld guide to abbreviations of organizations
250 _a6 ed.
260 _aDetroit, Mich. :
_bGra Grand River,
_c1981
300 _a464 p.
590 _aBATCH-UPD
_b10
_c20130110
_lUCH01
_h2048
590 _aBATCH-UPD
_b10
_c20130410
_lUCH01
_h1401
590 _aBATCH-UPD
_b10
_c20130914
_lUCH01
_h1648
590 _aCONVERSION
_b10
_c20130109
_lUCH01
_h1315
650 1 4 _aInstituciones científicas
_xSiglas.
_958979
901 _aBK
942 _cLIBRO
949 _a060.58 B8 1981
_bBC
_cC
_d33724000465043
_eC
_h54897
_i31378
_si
999 _c26305
_d26305